| 000 | 01921nam a22002657a 4500 | ||
|---|---|---|---|
| 999 |
_c58628 _d58628 |
||
| 003 | Ge_BSU | ||
| 005 | 20220617140608.0 | ||
| 008 | 220617s2020 ge ||||| |||| 00| 0 geo d | ||
| 020 | _a9789941487675 | ||
| 041 | _ageo | ||
| 080 | _a94(470:479.22) ბ-97 | ||
| 100 |
_aბურნაშევი, სტეფან _914140 |
||
| 245 |
_aპოლკ. სტეფან ბურნაშევის სამი ნაშრომი კავკასიის შესახებ / _cრუსულიდან თარგმნა, გამოკვლევა, განმარტებები და საძიებლები დაურთო დავით მერკვილაძემ ; გარეკანის დიზაინი ილია ხელაია. |
||
| 264 |
_aთბილისი : _bარტანუჯი, _c 2020. |
||
| 300 |
_a272 გვ. ; _b21 სმ. |
||
| 490 |
_aარტანუჯის წყაროები, 1612-4452 / სერიის მთავარი რედაქტორი ბუბა კუდავა ; _v19 |
||
| 500 | _aსათაური გარეკანზე : კავკასია მე 18 ს. 2 ნახევარში. | ||
| 501 | _aსაძიებლები: გვ. 245-269 შენიშვნები და განმარტებები: გვ. 107-153 | ||
| 520 | _aრეზიუმე ინგლისურ ენაზე. | ||
| 653 | _aკავკასიის ისტორია. | ||
| 653 | _aსაქართველოს ისტორიის უცხოური წყაროები. | ||
| 653 | _aრუსეთ-საქართველოს ურთიერთობის ისტორია. | ||
| 700 |
_aმერკვილაძე, დავით _eმთარგმნელი _914141 |
||
| 942 |
_2udc _cBK |
||